معارف القران (Record no. 550363)
[ view plain ]
| 000 -LEADER | |
|---|---|
| fixed length control field | 00397nam a22001337a 4500 |
| 082 ## - DEWEY DECIMAL CLASSIFICATION NUMBER | |
| Classification number | 297.1227 |
| Author Mark | MUH |
| -- | L-31, P-2 |
| 100 ## - MAIN ENTRY--PERSONAL NAME | |
| Personal name | Mufti Muhammad Shafi |
| 9 (RLIN) | 47065 |
| 245 ## - TITLE STATEMENT | |
| Title | معارف القران |
| Statement of responsibility, etc. | Mufti Muhammad Shafi |
| 250 ## - EDITION STATEMENT | |
| Edition statement | جلد چہارم |
| 260 ## - PUBLICATION, DISTRIBUTION, ETC. | |
| Place of publication, distribution, etc. | Karachi, Pakistan |
| Name of publisher, distributor, etc. | Idara tul Maaref, Karachi |
| 300 ## - PHYSICAL DESCRIPTION | |
| Extent | 680 P, : |
| 526 ## - STUDY PROGRAM INFORMATION NOTE | |
| Program name | 0 |
| Interest level | 0 |
| Reading level | 0 |
| Title point value | 297_122700000000000_MUH |
| 942 ## - ADDED ENTRY ELEMENTS (KOHA) | |
| Source of classification or shelving scheme | |
| Koha item type | Book |
| Withdrawn status | Lost status | Source of classification or shelving scheme | Damaged status | Not for loan | Permanent Location | Current Location | Date acquired | Total Checkouts | Full call number | Barcode | Date last seen | Price effective from | Koha item type |
|---|---|---|---|---|---|---|---|---|---|---|---|---|---|
| Military College of Engineering (MCE) | Military College of Engineering (MCE) | 11/05/2014 | 297.1227 MUH | MCE-9771 | 11/05/2014 | 11/05/2014 | Book |
